• 首页
  • 本馆介绍
  • 公告通知
  • 最新文献
  • 馆藏检索
  • 电子资源
  • 读者导购
  • 参考咨询
  • 我的图书馆
  • 登录
  • 详细信息显示
  • 放入我的书架
  • 预约/预借图书
  • 作者相关作品
  • 分类相关作品
  • 丛书相关作品
  • 出版社相关作品

书目信息

  • 表格格式
  • 工作单格式
  • 卡片格式
题名:
冰清玉洁
    
 
作者: 古方 著
分册:  
出版信息: 成都   四川人民出版社  2004
页数: 188页
开本: 25cm
丛书名: 中华文明之旅
单 册:
中图分类: K876.84
科图分类:
主题词: 古玉器--文化--研究--中国
电子资源:
ISBN: 7-220-06519-1
000 01200nam0 2200337 450
000 01163nam0 2200325 450
000 01161nam0 2200337 450
000 01107nam0 2200313 450
000 01125nam0 2200301 450
000 01088nam0 2200289 45
001 TS2006024468
005 20061211091555.62
010    @a7-220-06519-1@dCNY49.00
100    @a20060829d2003 em y0chiy0110 ea
101 0  @achi
102    @aCN@b510000
105    @aa z 000yy
200 1  @a冰清玉洁@ABing Qing Yu Jie@e中国古代玉文化@EZhong Guo Gu Dai Yu Wen Hua@f古方著@FGu Fang Zhu
210    @a成都@c四川人民出版社@d2004
215    @a188页@c彩图@d25cm
225 2  @a中华文明之旅
330    @a本书从认识玉的概念和产地开始,引导读者进入远古神秘而抽象的玉器世界,从它华丽的外表和温润的内质揭示玉器在古代社会中的神圣地位等内容。
410  0 @12001 @a中华文明之旅
517 1  @a中国古代玉文化@AZhong Guo Gu Dai Yu Wen Hua
606 0  @a古玉器@x文化@x研究@y中国
690    @aK876.84@v4
701  0 @a古方@AGu Fang@f(1962~)@4著
801  0 @aCN@b中图数据@c20061211
905    @a10447@dK876.84@e214
    
    冰清玉洁:中国古代玉文化/古方著.-成都:四川人民出版社,2004
    188页:彩图;25cm.-(中华文明之旅)
    
    
    ISBN 7-220-06519-1:CNY49.00
    本书从认识玉的概念和产地开始,引导读者进入远古神秘而抽象的玉器世界,从它华丽的外表和温润的内质揭示玉器在古代社会中的神圣地位等内容。
●
相关链接 在E读中查询图书 在五车中查询图书 在当当中查询图书 在豆瓣中查询图书


正题名:冰清玉洁     索取号:K876.84/214         预约/预借

序号 登录号 条形码 馆藏地/架位号 状态 备注
1 0615243   206152438   第二样本阅览室/ [索取号:K876.84/214] 在馆    
2 0615244   206152447   第二借阅区/ [索取号:K876.84/214] 在馆    
3 0615245   206152456   第二借阅区/ [索取号:K876.84/214] 在馆    
4 0615246   206152465   第二借阅区/ [索取号:K876.84/214] 在馆    
5 0615247   206152474   第二借阅区/ [索取号:K876.84/214] 在馆    
唐山师范学院图书馆 欢迎您!
大连网信软件有限公司© 版权所有